[Event "IX Floripa Chess Open Fort Atacadista"]
[Site "Florianópolis - Santa Catari"]
[Date "2023.01.29"]
[Round "10.5"]
[White "Menna Barreto, Felipe Kubiaki"]
[Black "Cuenca Jimenez, Jose Fernando"]
[Result "0-1"]
[WhiteElo "2305"]
[BlackElo "2545"]
[PlyCount "102"]
[EventDate "2023.01.23"]
[EventRounds "10"]
[EventCountry "BRA"]

1. d4 Nf6 2. Nf3 g6 3. Bg5 Bg7 4. Nbd2 O-O 5. e4 d5 6. e5 Ne4 7. Be3 c5 8. c3
Nc6 9. dxc5 Qc7 10. Bb5 Nxe5 11. Nxe5 Bxe5 12. Nf3 Bg4 13. Qxd5 Bxf3 14. gxf3
Nf6 15. Qb3 Bf4 16. O-O-O Bxe3+ 17. fxe3 Qxc5 18. Rhe1 Rad8 19. Bd3 Rd7 20. Qb5
Qc7 21. f4 Rd5 22. Qc4 Rc5 23. Qb3 b5 24. Kb1 e5 25. Rg1 Kg7 26. f5 e4 27. fxg6
hxg6 28. Bc2 Qxh2 29. Qb4 Qe5 30. Bb3 Rh8 31. Rgf1 Rc7 32. Qa5 Rh3 33. a4 Rxe3
34. axb5 Rd3 35. Rde1 Re7 36. Qb4 Rd2 37. Qc4 e3 38. Kc1 Rg2 39. Qc6 Rg5 40.
Rf3 Ng4 41. Qc4 Qc7 42. Qd4+ Qe5 43. Qc4 Qc7 44. Qd4+ f6 45. Rf4 Qc8 46. Bd1
Ne5 47. Rxe3 Rd7 48. Qe4 Rg1 49. Kc2 Rgxd1 50. Rxf6 R7d2+ 51. Kb3 Qg8+ 0-1

[Event "IX Floripa Chess Open Fort Atacadista"]
[Site "Florianópolis - Santa Catari"]
[Date "2023.01.29"]
[Round "10.6"]
[White "Rodi, Luis Ernesto"]
[Black "Barbosa, Evandro Amorim"]
[Result "0-1"]
[WhiteElo "2295"]
[BlackElo "2482"]
[PlyCount "82"]
[EventDate "2023.01.23"]
[EventRounds "10"]
[EventCountry "BRA"]

1. e4 c5 2. Nc3 d6 3. d4 cxd4 4. Qxd4 Nc6 5. Qd2 g6 6. b3 Bh6 7. f4 Nf6 8. Bb2
O-O 9. O-O-O a5 10. a4 Nb4 11. Bc4 Qb6 12. Kb1 Bg4 13. Nf3 Rfc8 14. Rhe1 Nh5
15. Ne2 Rxc4 16. bxc4 Qc6 17. h3 Bxf3 18. gxf3 Qxc4 19. Qc3 Qa2+ 20. Kc1 Bg7
21. e5 Qxa4 22. Qb3 Qd7 23. Nd4 Rc8 24. Kb1 e6 25. exd6 Nxf4 26. c4 e5 27. Nb5
Qf5+ 28. Re4 Nxh3 29. Qe3 Bf6 30. Nc7 Rd8 31. Bc3 Ng5 32. Bxb4 axb4 33. c5 Nxf3
34. Ka2 Nd4 35. Kb2 Bg5 36. Qe1 Qf3 37. Rdxd4 exd4 38. Re8+ Kg7 39. Qxb4 d3 40.
Ka2 d2 41. Qd4+ Kh6 0-1

[Event "IX Floripa Chess Open Fort Atacadista"]
[Site "Florianópolis - Santa Catari"]
[Date "2023.01.29"]
[Round "10.7"]
[White "Cominato Neto, Jose Luis"]
[Black "Lima, Darcy"]
[Result "0-1"]
[WhiteElo "2260"]
[BlackElo "2439"]
[PlyCount "100"]
[EventDate "2023.01.23"]
[EventRounds "10"]
[EventCountry "BRA"]

1. e4 c5 2. Nf3 e6 3. c4 d6 4. d4 cxd4 5. Nxd4 Nf6 6. Nc3 a6 7. Be2 b6 8. O-O
Bb7 9. f3 Nbd7 10. Be3 Be7 11. Qd2 O-O 12. Rfd1 Rc8 13. Rac1 Qc7 14. Qe1 Rfe8
15. Qf2 Qb8 16. g4 h6 17. h4 Nh7 18. Nb3 Bc6 19. Nd4 Bb7 20. Nb3 Bc6 21. Nd4
Ba8 22. Nb3 g5 23. hxg5 hxg5 24. Kg2 Nhf8 25. Rh1 Ng6 26. Rh5 Kg7 27. Bxg5 Bxg5
28. Rxg5 f6 29. Rxg6+ Kxg6 30. f4 Kf7 31. Nd4 Nc5 32. Qe3 Rg8 33. Kf2 Rce8 34.
b4 Nd7 35. f5 e5 36. Nb3 Rh8 37. Rg1 Reg8 38. c5 Ke7 39. Bc4 Rg7 40. g5 fxg5
41. Be6 Nf6 42. cxb6 Rh2+ 43. Ke1 g4 44. Na5 Rh3 45. Rg3 Rxg3 46. Qxg3 Qxb6 47.
a3 Rh7 48. Nd5+ Bxd5 49. exd5 Rh1+ 50. Ke2 Qb5+ 0-1

[Event "IX Floripa Chess Open Fort Atacadista"]
[Site "Florianópolis - Santa Catari"]
[Date "2023.01.29"]
[Round "10.8"]
[White "Rodriguez Vila, Andres"]
[Black "Ribeiro, Matheus Mendes Domi"]
[Result "1-0"]
[WhiteElo "2435"]
[BlackElo "2250"]
[PlyCount "71"]
[EventDate "2023.01.23"]
[EventRounds "10"]
[EventCountry "BRA"]

1. d4 d5 2. c4 e6 3. Nc3 Nf6 4. cxd5 exd5 5. Bg5 c6 6. e3 Be6 7. Bd3 Nbd7 8. f4
Nb6 9. Nf3 Be7 10. O-O h6 11. f5 Bd7 12. Bf4 Qc8 13. Qc2 Nh5 14. Ne2 Nxf4 15.
Nxf4 Qc7 16. a4 a5 17. Ne5 Bd6 18. Qc3 Bb4 19. Qb3 Rf8 20. Nh5 O-O-O 21. Nxg7
Bd6 22. f6 Bxe5 23. dxe5 c5 24. Bf5 Nc4 25. Bxd7+ Qxd7 26. Qc3 Qc6 27. Rac1 Kb8
28. b3 Nb6 29. Qxc5 Qxc5 30. Rxc5 Rc8 31. Rxa5 Rc6 32. Rb5 Rd8 33. Rd1 d4 34.
Rxd4 Rc1+ 35. Kf2 Rc2+ 36. Kf3 1-0

[Event "IX Floripa Chess Open Fort Atacadista"]
[Site "Florianópolis - Santa Catari"]
[Date "2023.01.29"]
[Round "10.9"]
[White "Do Valle Cardoso, Lucas"]
[Black "Umetsubo, Cesar Hidemitsu"]
[Result "1-0"]
[WhiteElo "2206"]
[BlackElo "2365"]
[PlyCount "121"]
[EventDate "2023.01.23"]
[EventRounds "10"]
[EventCountry "BRA"]

1. e4 c6 2. d4 d5 3. Nc3 dxe4 4. Nxe4 Bf5 5. Ng3 Bg6 6. h4 h6 7. h5 Bh7 8. Nf3
Nd7 9. Bd3 Bxd3 10. Qxd3 e6 11. Bd2 Ngf6 12. O-O-O Be7 13. Kb1 c5 14. dxc5 Nxc5
15. Qe2 Qc7 16. Qb5+ Qd7 17. Qc4 Rd8 18. Ne5 Qd5 19. Qb5+ Ncd7 20. Qxd5 Nxd5
21. Nxd7 Rxd7 22. c4 Nb6 23. b3 O-O 24. Be3 Rfd8 25. Rxd7 Rxd7 26. Kc2 f5 27.
Ne2 Nc8 28. Nf4 Kf7 29. Nd3 Bf6 30. Rd1 Ke7 31. Bc5+ Ke8 32. Re1 Kf7 33. Nf4 b6
34. Ba3 Bg5 35. Nd3 Bf6 36. Ne5+ Bxe5 37. Rxe5 Ne7 38. Bxe7 Kxe7 39. f4 Kf6 40.
g3 Rd6 41. Re3 g6 42. hxg6 Kxg6 43. Rd3 Rc6 44. Rd7 a5 45. Kc3 Kf6 46. Kd4 Rc8
47. Rd6 Rb8 48. a3 h5 49. b4 axb4 50. axb4 Rb7 51. b5 Rb8 52. c5 bxc5+ 53. Kxc5
Rg8 54. b6 Rxg3 55. b7 Rg8 56. Rb6 Rb8 57. Kd6 h4 58. Kc7 Rh8 59. b8=Q Rxb8 60.
Rxb8 h3 61. Kd6 1-0

[Event "IX Floripa Chess Open Fort Atacadista"]
[Site "Florianópolis - Santa Catari"]
[Date "2023.01.29"]
[Round "10.10"]
[White "Cori T., Deysi"]
[Black "Gauche, Charles"]
[Result "1-0"]
[WhiteElo "2356"]
[BlackElo "2211"]
[PlyCount "89"]
[EventDate "2023.01.23"]
[EventRounds "10"]
[EventCountry "BRA"]

1. d4 Nf6 2. Nf3 b5 3. Bg5 Bb7 4. Nbd2 a6 5. Bh4 d6 6. a4 Nbd7 7. e3 bxa4 8.
Rxa4 g6 9. Nb3 Bg7 10. Na5 Be4 11. Nd2 Bf5 12. Nc6 Qc8 13. Qa1 Nb8 14. Nxb8
Qxb8 15. c3 O-O 16. Bxa6 Bd7 17. Ra3 Bc6 18. O-O h5 19. b4 Bh6 20. Bxf6 exf6
21. Be2 Qb7 22. Bf3 d5 23. Nb3 Qb6 24. Na5 Rad8 25. Nxc6 Qxc6 26. Qa2 Qd7 27.
Ra7 Qd6 28. Ra6 Qd7 29. Ra7 Rfe8 30. Qa5 Re7 31. Ra8 Ree8 32. Bxd5 Rxa8 33.
Bxa8 h4 34. Qd5 Qe7 35. h3 f5 36. Qf3 Qd6 37. Bd5 Rd8 38. Bc4 Qf6 39. Ra1 Bf8
40. e4 Qc6 41. Bd5 Qd7 42. Ra6 Kg7 43. Bc4 Re8 44. e5 Qe7 45. Rf6 1-0

[Event "IX Floripa Chess Open Fort Atacadista"]
[Site "Florianópolis - Santa Catari"]
[Date "2023.01.29"]
[Round "10.11"]
[White "Coro, Lucas"]
[Black "Mekhitarian, Krikor Sevag"]
[Result "1/2-1/2"]
[WhiteElo "2272"]
[BlackElo "2551"]
[PlyCount "75"]
[EventDate "2023.01.23"]
[EventRounds "10"]
[EventCountry "BRA"]

1. e4 e5 2. Nf3 Nc6 3. Bb5 a6 4. Ba4 Nf6 5. O-O b5 6. Bb3 Bb7 7. d3 Be7 8. Nc3
O-O 9. a3 Nd4 10. Nxd4 exd4 11. Nd5 Nxd5 12. Bxd5 c6 13. Bb3 c5 14. Qf3 Rc8 15.
Bd5 Qb6 16. a4 Bxd5 17. exd5 c4 18. axb5 axb5 19. Bf4 Qc5 20. Rfe1 Rfe8 21. h3
Bf8 22. c3 Rxe1+ 23. Rxe1 dxc3 24. bxc3 b4 25. dxc4 b3 26. Be3 Qxc4 27. Bd4 d6
28. Qf5 Rb8 29. Ra1 Qe2 30. Kh2 h6 31. Rb1 Be7 32. Qg4 Qxg4 33. hxg4 Bg5 34.
Kg3 Bd2 35. Kf3 b2 36. Ke4 Bc1 37. Be3 Bxe3 38. fxe3 1/2-1/2

[Event "IX Floripa Chess Open Fort Atacadista"]
[Site "Florianópolis - Santa Catari"]
[Date "2023.01.29"]
[Round "10.12"]
[White "Zampronha, Wladimir Camilo"]
[Black "Matsuura, Everaldo"]
[Result "0-1"]
[WhiteElo "2164"]
[BlackElo "2426"]
[PlyCount "104"]
[EventDate "2023.01.23"]
[EventRounds "10"]
[EventCountry "BRA"]

1. e4 c5 2. Nf3 Nc6 3. d4 cxd4 4. Nxd4 g6 5. Nc3 Bg7 6. Be3 Nf6 7. Bc4 Qa5 8.
O-O O-O 9. Bb3 d6 10. h3 Bd7 11. f4 Nxd4 12. Bxd4 Bc6 13. Qd3 Rad8 14. Rad1 Nd7
15. Bxg7 Kxg7 16. Qe3 Qc5 17. Rfe1 b5 18. a3 Nb6 19. Bd5 Be8 20. e5 Qxe3+ 21.
Rxe3 dxe5 22. Rxe5 e6 23. Bb3 Rxd1+ 24. Nxd1 Bc6 25. Rc5 Rc8 26. Ne3 Nd7 27.
Rc3 Nf6 28. Ng4 Ne4 29. Re3 Bb7 30. Ne5 a5 31. c3 Nd2 32. Ba2 b4 33. axb4 axb4
34. Rd3 b3 35. Rxd2 bxa2 36. Rd1 Be4 37. Ra1 Bb1 38. Kf2 Rb8 39. b4 Rc8 40. Ke3
Rxc3+ 41. Kd4 Rb3 42. Kc5 Rb2 43. g4 Be4 44. Nc4 Rf2 45. b5 Re2 46. g5 Kf8 47.
Kd6 Rc2 48. Ne5 Ke8 49. Ng4 Kd8 50. Ke5 Bd5 51. Ne3 Re2 52. Kd4 Bb3 0-1

[Event "IX Floripa Chess Open Fort Atacadista"]
[Site "Florianópolis - Santa Catari"]
[Date "2023.01.29"]
[Round "10.13"]
[White "Languidey, Simon Alejandro"]
[Black "De Oliveira, Gustavo Alfredo Bue"]
[Result "1-0"]
[WhiteElo "2403"]
[BlackElo "2150"]
[PlyCount "43"]
[EventDate "2023.01.23"]
[EventRounds "10"]
[EventCountry "BRA"]

1. e4 e6 2. d4 d5 3. e5 c5 4. c3 Nc6 5. Nf3 f6 6. Bd3 cxd4 7. cxd4 Qb6 8. O-O
Bd7 9. Nc3 Rc8 10. Re1 fxe5 11. dxe5 Nb4 12. Be3 Bc5 13. Na4 Bxa4 14. Qxa4+ Kf8
15. Qd7 Ne7 16. Bxc5 Rxc5 17. Ng5 Nxd3 18. Re3 Nf4 19. Rf3 Rc4 20. Nxe6+ Kf7
21. Nxf4 Rhc8 22. Nxd5+ 1-0

[Event "IX Floripa Chess Open Fort Atacadista"]
[Site "Florianópolis - Santa Catari"]
[Date "2023.01.29"]
[Round "10.14"]
[White "Curi, Gabriel"]
[Black "Filgueiras, Nathan Felipe"]
[Result "1/2-1/2"]
[WhiteElo "2136"]
[BlackElo "2356"]
[PlyCount "88"]
[EventDate "2023.01.23"]
[EventRounds "10"]
[EventCountry "BRA"]

1. d4 Nf6 2. Nc3 d5 3. Bf4 a6 4. e3 c5 5. dxc5 Nc6 6. a3 e5 7. Bg5 Be6 8. b4
Be7 9. Nf3 O-O 10. Be2 b6 11. O-O bxc5 12. b5 axb5 13. Bxb5 Na7 14. Be2 e4 15.
Ne1 Nc6 16. Bf4 d4 17. exd4 cxd4 18. Nb5 Nd5 19. Bg3 Bc5 20. c4 Nb6 21. Nc7
Rxa3 22. Rxa3 Bxa3 23. Qb3 Bb4 24. Nxe6 fxe6 25. Bg4 Qe7 26. Nc2 Bc5 27. Qb5
Nd8 28. Re1 d3 29. Ne3 Bd4 30. Nf1 Qf6 31. Ne3 g6 32. h4 h5 33. Bd1 d2 34. Re2
Bxe3 35. Rxe3 Qa1 36. Qb3 Nxc4 37. Re2 Qd4 38. Kh2 Nc6 39. Qc2 Qd3 40. Rxe4
Qxc2 41. Bxc2 Nb2 42. Rxe6 Nd4 43. Rxg6+ Kf7 44. Rd6 Nxc2 1/2-1/2

[Event "IX Floripa Chess Open Fort Atacadista"]
[Site "Florianópolis - Santa Catari"]
[Date "2023.01.29"]
[Round "10.15"]
[White "Volkmann, Andre Jordi"]
[Black "Almiron, Antonio"]
[Result "0-1"]
[WhiteElo "2129"]
[BlackElo "2334"]
[PlyCount "50"]
[EventDate "2023.01.23"]
[EventRounds "10"]
[EventCountry "BRA"]

1. Nf3 g6 2. b3 Bg7 3. d4 c5 4. Bb2 cxd4 5. Nxd4 Nf6 6. e3 O-O 7. Be2 d5 8. O-O
b6 9. Nd2 Bb7 10. c4 Nbd7 11. cxd5 Nxd5 12. Nc4 a6 13. a4 Nc5 14. Rc1 Rc8 15.
Ba3 Re8 16. b4 Ne4 17. Qb3 Ndc3 18. Bg4 Bxd4 19. Bxc8 Ne2+ 20. Kh1 Nxc1 21.
Rxc1 Bxc8 22. Qc2 Bf5 23. exd4 Ng3+ 24. hxg3 Bxc2 25. Rxc2 Qxd4 0-1

[Event "IX Floripa Chess Open Fort Atacadista"]
[Site "Florianópolis - Santa Catari"]
[Date "2023.01.29"]
[Round "10.16"]
[White "Perez, Daniel"]
[Black "Piccoli, Lucas Fonseca"]
[Result "1/2-1/2"]
[WhiteElo "2306"]
[BlackElo "2148"]
[PlyCount "158"]
[EventDate "2023.01.23"]
[EventRounds "10"]
[EventCountry "BRA"]

1. d4 Nf6 2. c4 e6 3. Nf3 Bb4+ 4. Nbd2 b6 5. g3 Bb7 6. Bg2 O-O 7. O-O Bxd2 8.
Qxd2 d6 9. b3 Nbd7 10. Bb2 Ne4 11. Qc2 f5 12. d5 exd5 13. cxd5 Bxd5 14. Rad1
Bb7 15. Nd4 Qe8 16. f3 Nec5 17. Nxf5 Nf6 18. e4 a5 19. Rfe1 Rd8 20. Bf1 Bc8 21.
Bc4+ Kh8 22. e5 dxe5 23. Rxe5 Qg6 24. Rxd8 Rxd8 25. Ne3 Qxc2 26. Nxc2 Re8 27.
Kf2 Be6 28. Bb5 Bd7 29. Be2 Kg8 30. Ne3 Kf7 31. Nc4 Be6 32. Bf1 Bd5 33. Rxe8
Kxe8 34. Ke3 Ncd7 35. Bd3 Ke7 36. g4 h6 37. h3 Be6 38. f4 Nd5+ 39. Kf3 Nb4 40.
Bb1 Bd5+ 41. Kf2 Bxc4 42. bxc4 Kf7 43. Ke3 Na6 44. Be4 Nf6 45. Bf5 g5 46. Be5
Ne8 47. Be4 gxf4+ 48. Bxf4 Kg7 49. Kd4 Nc5 50. Be5+ Kf7 51. Bd5+ Kg6 52. Bc6
Nf6 53. Bd5 Ne8 54. Ke3 Nd7 55. Be4+ Kf7 56. Bf4 Kg7 57. Bc6 Ndf6 58. Bxe8 Nxe8
59. Be5+ Kg6 60. Kf4 a4 61. h4 c6 62. Ke4 Kf7 63. Bf4 h5 64. gxh5 Nf6+ 65. Kf5
b5 66. h6 Nd7 67. Bd2 Kg8 68. Ke6 Nc5+ 69. Kd6 Ne4+ 70. Kxc6 bxc4 71. Bf4 Nc3
72. a3 Nb1 73. Bc1 Nc3 74. Kc5 Ne2 75. Be3 c3 76. Kb4 c2 77. Kxa4 c1=Q 78. Bxc1
Nxc1 79. Kb4 Nd3+ 1/2-1/2

[Event "IX Floripa Chess Open Fort Atacadista"]
[Site "Florianópolis - Santa Catari"]
[Date "2023.01.29"]
[Round "10.17"]
[White "Moura, Eduardo Eugenio Cha"]
[Black "Rodrigues, Edgar"]
[Result "1/2-1/2"]
[WhiteElo "2127"]
[BlackElo "2299"]
[PlyCount "95"]
[EventDate "2023.01.23"]
[EventRounds "10"]
[EventCountry "BRA"]

1. e4 c5 2. c3 e6 3. d4 d5 4. e5 Nc6 5. Nf3 Bd7 6. Bd3 Rc8 7. dxc5 Bxc5 8. Nbd2
a6 9. Nb3 Ba7 10. O-O Nge7 11. Qe2 Qc7 12. Be3 Bb8 13. Bf4 f5 14. Rfe1 Ng6 15.
Qd2 O-O 16. Nbd4 Na5 17. g3 Nc4 18. Qe2 b5 19. Ng5 Nxf4 20. gxf4 Qb6 21. Kh1 h6
22. Ngf3 Be8 23. Rg1 Bh5 24. a3 Rce8 25. h3 Ba7 26. Rg2 Rf7 27. Kh2 Qc7 28. Qc2
Kh8 29. Be2 Bxf3 30. Nxf3 Rc8 31. Rd1 Qe7 32. Nd4 Na5 33. Qd3 Nc4 34. Qc2 Nb6
35. Rg6 Qh4 36. Nxe6 Qxf2+ 37. Rg2 Qh4 38. Qd2 d4 39. cxd4 Nd5 40. Bf3 Nc7 41.
Rc1 Kh7 42. Qf2 Qxf2 43. Rxf2 Nxe6 44. Rxc8 Bxd4 45. Bd5 Rc7 46. Bxe6 Rxc8 47.
Bxc8 Bxf2 48. Bxf5+ 1/2-1/2

[Event "IX Floripa Chess Open Fort Atacadista"]
[Site "Florianópolis - Santa Catari"]
[Date "2023.01.29"]
[Round "10.18"]
[White "Federzoni, Enzo"]
[Black "Marra, Eduardo Da Costa"]
[Result "1-0"]
[WhiteElo "2123"]
[BlackElo "2275"]
[PlyCount "62"]
[EventDate "2023.01.23"]
[EventRounds "10"]
[EventCountry "BRA"]

1. e4 c5 2. Nf3 e6 3. d4 cxd4 4. Nxd4 Nf6 5. Nc3 Nc6 6. Nxc6 bxc6 7. e5 Nd5 8.
Ne4 Qc7 9. f4 c5 10. c4 Nb4 11. Be2 Bb7 12. Bf3 Nc6 13. Be3 Rb8 14. O-O Nd4 15.
Bxd4 cxd4 16. Qxd4 Bxe4 17. Qxe4 Rxb2 18. Kh1 Bc5 19. f5 O-O 20. f6 g6 21. h4
Rd8 22. Rad1 d5 23. cxd5 exd5 24. Rxd5 Rb4 25. Qe1 Rd4 26. e6 fxe6 27. Qxe6+
Kh8 28. Rxd4 Bxd4 29. Re1 Bc5 30. Rc1 Rb8 31. Qc4 Re8 1-0

[Event "IX Floripa Chess Open Fort Atacadista"]
[Site "Florianópolis - Santa Catari"]
[Date "2023.01.29"]
[Round "10.19"]
[White "Villalba, Marcelo"]
[Black "Campelo, Leandro Fabricio"]
[Result "1-0"]
[WhiteElo "2269"]
[BlackElo "2125"]
[PlyCount "145"]
[EventDate "2023.01.23"]
[EventRounds "10"]
[EventCountry "BRA"]

1. e4 c5 2. Nf3 e6 3. d4 cxd4 4. Nxd4 Nc6 5. Nc3 Nf6 6. Bf4 d6 7. Ndb5 e5 8.
Bg5 a6 9. Na3 b5 10. Nd5 Be7 11. Bxf6 Bxf6 12. c4 b4 13. Nc2 Rb8 14. Qd3 Bg5
15. Be2 O-O 16. O-O f5 17. Bf3 Be6 18. exf5 Bxf5 19. Be4 Qd7 20. b3 a5 21. Rad1
Bxe4 22. Qxe4 Qf5 23. Qxf5 Rxf5 24. Nde3 Bxe3 25. fxe3 Rxf1+ 26. Kxf1 Rd8 27.
Rd5 Kf7 28. a3 bxa3 29. Nxa3 Ke7 30. Ke2 Rb8 31. c5 dxc5 32. Nc4 Rb5 33. Kd2 e4
34. Kc3 Nb4 35. Rh5 h6 36. Na3 Rb7 37. Rxc5 Ke6 38. Nc4 Nd5+ 39. Kd4 Nf6 40.
Re5+ Kd7 41. Nxa5 Rb6 42. Kc4 Rd6 43. Nb7 Rd2 44. Nc5+ Kc6 45. Re6+ Kc7 46.
Nxe4 Nxe4 47. Rxe4 Rxg2 48. h4 g5 49. hxg5 hxg5 50. Kd5 g4 51. Ke6 g3 52. Rg4
Rg1 53. e4 g2 54. e5 Kd8 55. Rd4+ Kc7 56. Rd2 Kc6 57. b4 Kc7 58. b5 Rb1 59.
Rc2+ Kd8 60. Rd2+ Kc7 61. Rxg2 Rxb5 62. Rg7+ Kd8 63. Rg8+ Kc7 64. Kf6 Rb1 65.
e6 Rf1+ 66. Ke7 Re1 67. Rg2 Re3 68. Rc2+ Kb8 69. Kd7 Rd3+ 70. Ke8 Re3 71. e7
Re1 72. Rc4 Kb7 73. Kd7 1-0

[Event "IX Floripa Chess Open Fort Atacadista"]
[Site "Florianópolis - Santa Catari"]
[Date "2023.01.29"]
[Round "10.20"]
[White "Starke, Bruno Orlando"]
[Black "Tomiello, Lucas Costamilan"]
[Result "1-0"]
[WhiteElo "2100"]
[BlackElo "2263"]
[PlyCount "97"]
[EventDate "2023.01.23"]
[EventRounds "10"]
[EventCountry "BRA"]

1. Nf3 Nf6 2. c4 e6 3. g3 b6 4. Bg2 Bb7 5. O-O c5 6. Nc3 Be7 7. d4 cxd4 8. Qxd4
O-O 9. Bg5 d6 10. Bxf6 Bxf6 11. Qd3 Qe7 12. Rad1 Rd8 13. b3 Na6 14. Ne4 d5 15.
cxd5 Rxd5 16. Qb1 Rad8 17. Rxd5 Bxd5 18. Rc1 Bxe4 19. Qxe4 Qa3 20. Rc2 Nb4 21.
Rc7 Nxa2 22. Qb7 Nc3 23. Qxa7 Qxb3 24. Bf1 Rf8 25. Rb7 b5 26. Qb6 g6 27. h4 Qd1
28. Kg2 h6 29. e3 Qc2 30. Qc6 Qb2 31. Ne1 Nd5 32. Kg1 b4 33. Nd3 Qc3 34. Qb5
Qd2 35. e4 Nc3 36. Qxb4 Ne2+ 37. Bxe2 Qxe2 38. Rd7 Ra8 39. Kg2 Ra1 40. Nf4 Qf1+
41. Kf3 Ra2 42. Qb8+ Kh7 43. Rxf7+ Bg7 44. Rxg7+ Kxg7 45. Qc7+ Kf8 46. Qc8+ Kg7
47. Qd7+ Kh8 48. Qe8+ Kg7 49. Qxg6+ 1-0

[Event "IX Floripa Chess Open Fort Atacadista"]
[Site "Florianópolis - Santa Catari"]
[Date "2023.01.29"]
[Round "10.21"]
[White "Gattass, Allan"]
[Black "Kropff, Ricardo"]
[Result "0-1"]
[WhiteElo "2246"]
[BlackElo "2125"]
[PlyCount "112"]
[EventDate "2023.01.23"]
[EventRounds "10"]
[EventCountry "BRA"]

1. e4 e5 2. Nf3 Nc6 3. d4 exd4 4. Nxd4 g6 5. Nxc6 bxc6 6. Qd4 Qf6 7. Qxf6 Nxf6
8. Bd3 d6 9. b3 Bg7 10. Bb2 O-O 11. O-O Re8 12. Nd2 Nxe4 13. Bxe4 Bxb2 14. Bxc6
Bxa1 15. Bxe8 Bg7 16. Bc6 Rb8 17. Re1 Be6 18. c4 Bc3 19. Re2 Bxd2 20. Rxd2 Bxc4
21. Rd4 Be6 22. Ra4 Rb6 23. Bf3 a6 24. Be2 Bc8 25. f4 Kf8 26. Kf2 d5 27. Ra5 c6
28. Ke3 Ke7 29. g4 h6 30. Bd3 Kd6 31. h4 c5 32. Be2 Bb7 33. Ra4 Kc7 34. f5 g5
35. h5 f6 36. Ra5 Rc6 37. b4 cxb4 38. Kd4 Rc2 39. Rc5+ Rxc5 40. Kxc5 a5 41. Bf3
d4 42. Bxb7 Kxb7 43. Kxd4 Kc6 44. Kc4 Kb6 45. Kd5 a4 46. Ke6 b3 47. axb3 axb3
48. Kxf6 b2 49. Kg7 b1=Q 50. Kxh6 Kc6 51. Kxg5 Kd6 52. Kg6 Qe4 53. g5 Ke5 54.
Kh6 Qxf5 55. g6 Kf6 56. g7 Qf4+ 0-1

[Event "IX Floripa Chess Open Fort Atacadista"]
[Site "Florianópolis - Santa Catari"]
[Date "2023.01.29"]
[Round "10.22"]
[White "Boff, Lucas Strauss"]
[Black "Terao, Juliana Sayumi"]
[Result "0-1"]
[WhiteElo "2036"]
[BlackElo "2243"]
[PlyCount "58"]
[EventDate "2023.01.23"]
[EventRounds "10"]
[EventCountry "BRA"]

1. Nf3 d5 2. c4 e6 3. b3 Nf6 4. g3 c5 5. Bg2 Nc6 6. Bb2 d4 7. e3 e5 8. exd4
exd4 9. O-O Be7 10. d3 O-O 11. Na3 Bf5 12. Nc2 a5 13. a3 Qc8 14. Re1 Bd6 15. b4
axb4 16. axb4 Rxa1 17. Bxa1 b6 18. Nh4 Ne5 19. Bf1 Bh3 20. f4 Ng6 21. Nxg6 fxg6
22. Bb2 Bxf1 23. Rxf1 Qh3 24. Qf3 h5 25. Rf2 Kh7 26. Qc6 Ng4 27. Rg2 Rf6 28.
Qd7 Bxf4 29. gxf4 Qxd3 0-1

[Event "IX Floripa Chess Open Fort Atacadista"]
[Site "Florianópolis - Santa Catari"]
[Date "2023.01.29"]
[Round "10.23"]
[White "Viana Da Costa, Fernando"]
[Black "De Carvalho, Vitor Augusto Ponci"]
[Result "1/2-1/2"]
[WhiteElo "2241"]
[BlackElo "2097"]
[PlyCount "79"]
[EventDate "2023.01.23"]
[EventRounds "10"]
[EventCountry "BRA"]

1. c4 Nf6 2. Nf3 g6 3. b3 Bg7 4. Bb2 O-O 5. d4 d5 6. e3 c5 7. Nbd2 cxd4 8. Nxd4
a6 9. Be2 dxc4 10. bxc4 Qc7 11. O-O e5 12. N4b3 Nc6 13. c5 Rd8 14. Qc1 Bg4 15.
Bxg4 Nxg4 16. h3 Nf6 17. Nc4 Nd5 18. Rd1 b5 19. Nd6 Nf6 20. a4 Rab8 21. axb5
axb5 22. Qc2 Ne8 23. Rac1 Rd7 24. f4 b4 25. f5 Rbd8 26. fxg6 hxg6 27. Nc4 Rxd1+
28. Rxd1 Rxd1+ 29. Qxd1 Bf8 30. Qa1 Qd7 31. Nxe5 Nxe5 32. Bxe5 Qd5 33. Qb2 Bxc5
34. Nxc5 Qxc5 35. Bd4 Qc4 36. Qf2 b3 37. Qh4 Qc1+ 38. Kh2 Qc7+ 39. Kg1 Qc1+ 40.
Kh2 1/2-1/2

[Event "IX Floripa Chess Open Fort Atacadista"]
[Site "Florianópolis - Santa Catari"]
[Date "2023.01.29"]
[Round "10.24"]
[White "Pires, Marcos Vinicius Tor"]
[Black "Ferreira, Thales Bond Dias"]
[Result "1-0"]
[WhiteElo "2238"]
[BlackElo "2085"]
[PlyCount "83"]
[EventDate "2023.01.23"]
[EventRounds "10"]
[EventCountry "BRA"]

1. d4 d5 2. Nf3 Nf6 3. g3 e6 4. Bg2 Be7 5. O-O O-O 6. c4 c6 7. Nc3 b6 8. Ne5
Bb7 9. e4 Nbd7 10. Nxc6 Bxc6 11. exd5 Bb7 12. d6 Bxg2 13. dxe7 Qxe7 14. Kxg2
Rac8 15. b3 Rfd8 16. Qf3 Nf8 17. Rd1 Rd7 18. Bb2 Rcd8 19. Ne4 Nxe4 20. Qxe4 Ng6
21. Rd3 f5 22. Qf3 Qg5 23. Kh1 e5 24. Qe3 Qxe3 25. fxe3 e4 26. Rdd1 Ne5 27. Rf1
Nf3 28. Bc3 Rc8 29. a4 a6 30. Bb4 g5 31. Rad1 b5 32. axb5 axb5 33. c5 Ra8 34.
Rf2 Rda7 35. Bc3 Ra3 36. Bb2 Rxb3 37. c6 g4 38. d5 Rd3 39. Rff1 Kf7 40. d6 Ke6
41. d7 Ra2 42. Rxd3 1-0

[Event "IX Floripa Chess Open Fort Atacadista"]
[Site "Florianópolis - Santa Catari"]
[Date "2023.01.29"]
[Round "10.25"]
[White "Bassani, Jaison Jose"]
[Black "Labussiere, Yago"]
[Result "1-0"]
[WhiteElo "1913"]
[BlackElo "2227"]
[PlyCount "97"]
[EventDate "2023.01.23"]
[EventRounds "10"]
[EventCountry "BRA"]

1. e4 c5 2. Nc3 e6 3. g3 Nc6 4. Bg2 g6 5. d3 Bg7 6. Be3 d6 7. Qd2 h6 8. Nge2
Nd4 9. O-O Ne7 10. Nc1 Rb8 11. Nd1 b6 12. c3 Ndc6 13. Nb3 Bb7 14. d4 c4 15. Nc1
d5 16. f3 Qd7 17. Nf2 Kf8 18. Ne2 Kg8 19. h4 Kh7 20. h5 Rhf8 21. Ng4 Ng8 22.
Bxh6 Rbe8 23. Bxg7 Kxg7 24. e5 Qd8 25. Nf4 Bc8 26. Kf2 Nce7 27. Rh1 Nf5 28. Rh2
g5 29. Nh3 Nfh6 30. Nf6 Nxf6 31. Qxg5+ Kh7 32. exf6 Rg8 33. Qf4 e5 34. Ng5+
Rxg5 35. Qxg5 Rg8 36. Qxe5 Bf5 37. Re1 Qd7 38. b3 cxb3 39. axb3 Rc8 40. Re3 Rc6
41. Rh1 Qd8 42. Qe7 Qc8 43. Rc1 Qh8 44. g4 Bxg4 45. fxg4 Nxg4+ 46. Kg1 Rxf6 47.
Rf3 Rxf3 48. Bxf3 Qg7 49. Bg2 1-0

[Event "IX Floripa Chess Open Fort Atacadista"]
[Site "Florianópolis - Santa Catari"]
[Date "2023.01.29"]
[Round "10.26"]
[White "Guimaraes, Wagner Peixoto"]
[Black "Silva, Caio Henrique Angel"]
[Result "1/2-1/2"]
[WhiteElo "2199"]
[BlackElo "2081"]
[PlyCount "46"]
[EventDate "2023.01.23"]
[EventRounds "10"]
[EventCountry "BRA"]

1. d4 Nf6 2. c4 g6 3. Nc3 d5 4. cxd5 Nxd5 5. e4 Nxc3 6. bxc3 Bg7 7. Bc4 c5 8.
Be3 Nc6 9. Ne2 O-O 10. O-O Bg4 11. f3 Bd7 12. Qd2 Qa5 13. Rfd1 cxd4 14. cxd4
Qxd2 15. Rxd2 Rfc8 16. Rb1 Na5 17. Bd3 a6 18. Kf2 b5 19. Nc1 Rab8 20. Be2 Be6
21. d5 Bd7 22. Bd4 Bh6 23. Be3 Bg7 1/2-1/2

[Event "IX Floripa Chess Open Fort Atacadista"]
[Site "Florianópolis - Santa Catari"]
[Date "2023.01.29"]
[Round "10.28"]
[White "Zacarias, M Ruben D"]
[Black "Barrientos, Ernesto"]
[Result "1-0"]
[WhiteElo "2176"]
[BlackElo "1934"]
[PlyCount "73"]
[EventDate "2023.01.23"]
[EventRounds "10"]
[EventCountry "BRA"]

1. e4 c5 2. Nf3 d6 3. Bb5+ Bd7 4. Bxd7+ Nxd7 5. O-O Ngf6 6. Qe2 e5 7. c3 g6 8.
d4 Bg7 9. dxe5 dxe5 10. Rd1 Qc7 11. Bg5 O-O 12. Nbd2 h6 13. Bxf6 Bxf6 14. Nc4
Nb6 15. Ne3 Bg7 16. a4 a5 17. Nd2 f5 18. f3 fxe4 19. Nxe4 c4 20. Nd5 Nxd5 21.
Rxd5 Rfd8 22. Rc5 Qb6 23. Qxc4+ Kh8 24. Qb5 Ra6 25. Qxb6 Rxb6 26. Rb5 Rxb5 27.
axb5 b6 28. Kf2 Rd5 29. c4 Rd3 30. Ke2 Rb3 31. Ra2 Bf8 32. Kd2 Be7 33. Kc2 Rb4
34. b3 Kg7 35. Nc3 Kf7 36. Nd5 Ke6 37. Nxb6 1-0